000
00239nam a2200097Ia 4500
001
804622
005
20250826171137.0
008
250824s9999 xx 000 0 und d
245
0
_a
FESLEĞEN
_c
HİKMET ANIL ÖZTEKİN
260
_b
HAYY YAYINLARI
999
_c
804622
_d
804622